Technology and Innovation for Marketing (Record no. 5013)

MARC details
000 -CABECERA
campo de control de longitud fija 02807nam a2200397Ii 4500
001 - NÚMERO DE CONTROL
campo de control 991106935514506196
005 - FECHA Y HORA DE LA ÚLTIMA TRANSACCIÓN
campo de control 20260512145901.0
006 - CÓDIGOS DE INFORMACIÓN DE LONGITUD FIJA--CARACTERÍSTICAS DEL MATERIAL ADICIONAL
campo de control de longitud fija m o d
007 - CAMPO FIJO DE DESCRIPCIÓN FÍSICA--INFORMACIÓN GENERAL
campo de control de longitud fija cr
008 - DATOS DE LONGITUD FIJA--INFORMACIÓN GENERAL
campo de control de longitud fija 181112t20182019fluab ob 001 0 eng d
020 ## - NÚMERO INTERNACIONAL ESTÁNDAR DEL LIBRO
Número Internacional Estándar del Libro 9781138323179
035 ## - NÚMERO DE CONTROL DEL SISTEMA
Número de control de sistema (CKB)4920000000019238
035 ## - NÚMERO DE CONTROL DEL SISTEMA
Número de control de sistema (OCoLC)1053623336
035 ## - NÚMERO DE CONTROL DEL SISTEMA
Número de control de sistema (FlBoTFG)9780429451560
035 ## - NÚMERO DE CONTROL DEL SISTEMA
Número de control de sistema (EXLCZ)994920000000019238
040 ## - FUENTE DE LA CATALOGACIÓN
Centro catalogador/agencia de origen FlBoTFG
Centro/agencia transcriptor FlBoTFG
Normas de descripción rda
041 1# - CÓDIGO DE LENGUA
Código de lengua del texto/banda sonora o título independiente eng
050 #4 - SIGNATURA TOPOGRÁFICA DE LA BIBLIOTECA DEL CONGRESO
Número de clasificación HF5415
100 ## - ENTRADA PRINCIPAL--NOMBRE DE PERSONA
Nombre de persona Pantano, Eleonora,
Término indicativo de función/relación author.
9 (RLIN) 26031
245 10 - MENCIÓN DE TÍTULO
Título Technology and Innovation for Marketing
Mención de responsabilidad, etc. / by Eleonora Pantano, Clara Bassano and Constantinos-Vasilios Priporas.
250 ## - MENCIÓN DE EDICIÓN
Mención de edición First edition.
264 #1 - PRODUCCIÓN, PUBLICACIÓN, DISTRIBUCIÓN, FABRICACIÓN Y COPYRIGHT
Producción, publicación, distribución, fabricación y copyright Boca Raton, FL :
Nombre del de productor, editor, distribuidor, fabricante Routledge,
Fecha de producción, publicación, distribución, fabricación o copyright [2018].
264 #4 - PRODUCCIÓN, PUBLICACIÓN, DISTRIBUCIÓN, FABRICACIÓN Y COPYRIGHT
Fecha de producción, publicación, distribución, fabricación o copyright 2019.
300 ## - DESCRIPCIÓN FÍSICA
Extensión 146 pages
Otras características físicas 14 illustrations,
504 ## - NOTA DE BIBLIOGRAFÍA, ETC.
Nota de bibliografía, etc. Includes bibliographical references and index.
505 00 - NOTA DE CONTENIDO CON FORMATO
Título Part I: Strategy Development — Introduction to the Innovation Theory for Marketing Purposes — Innovation as a Business Process — Understanding Innovation Solutions — Sources of Innovation — Open Innovation and Collaboration — Consumer Acceptance of Innovation — Part II: Implementation and Practice — Creating New Products and Services — Capturing the Benefits of Innovation — Capture Learning from Innovation — Concluding Remarks and Exercises.
520 3# - SUMARIO, ETC.
Sumario, etc. Marketers have recently witnessed an explosion of technology-based innovation that has profoundly affected their management and strategy. This technology can be a gift – enabling them to get closer to their customers and their needs – or a poisoned chalice, should they fail to keep up with technology innovation and find themselves, or their products, irrelevant.<br/><br/>In this book, Eleonora Pantano, Clara Bassano and Constantinos-Vasilios Priporas describe this phenomenon as the 'consumer pull vs technology push' that forces marketing strategists to innovate to survive and thrive. It is a guide to the emerging approaches to marketing prompted by the impact of innovation and technology, in order to help students, scholars and practitioners work innovation and change to their best advantage.<br/><br/>Including a wealth of empirical and theoretical contributions, models, approaches methods, tools and case studies, this book is essential reading for marketing strategy, digital marketing, and innovation students, as well as marketing practitioners.
650 #0 - PUNTO DE ACCESO ADICIONAL DE MATERIA--TÉRMINO DE MATERIA
Término de materia o nombre geográfico como elemento de entrada Marketing
Subdivisión general Technological innovations
9 (RLIN) 1127
650 #0 - PUNTO DE ACCESO ADICIONAL DE MATERIA--TÉRMINO DE MATERIA
Término de materia o nombre geográfico como elemento de entrada Marketing
Subdivisión general Management.
9 (RLIN) 9256
650 #0 - PUNTO DE ACCESO ADICIONAL DE MATERIA--TÉRMINO DE MATERIA
Término de materia o nombre geográfico como elemento de entrada Digital Marketing
9 (RLIN) 25727
650 #0 - PUNTO DE ACCESO ADICIONAL DE MATERIA--TÉRMINO DE MATERIA
Término de materia o nombre geográfico como elemento de entrada Innovation management
9 (RLIN) 6319
650 #0 - PUNTO DE ACCESO ADICIONAL DE MATERIA--TÉRMINO DE MATERIA
Término de materia o nombre geográfico como elemento de entrada Management Technology
9 (RLIN) 7418
700 ## - ENTRADA AGREGADA--NOMBRE PERSONAL
Nombre de persona Bassano, Clara
Término indicativo de función/relación author.
9 (RLIN) 26032
700 ## - ENTRADA AGREGADA--NOMBRE PERSONAL
Nombre de persona Priporas, Constantinos-Vasilios
Término indicativo de función/relación author.
9 (RLIN) 26033
942 ## - ELEMENTOS DE ENTRADA AGREGADA (KOHA)
Fuente del sistema de clasificación o colocación Clasificación de Library of Congress
Holdings
Estado de retiro Estado de pérdida Fuente del sistema de clasificación o colocación Estado dañado No para préstamo Biblioteca de origen Biblioteca actual Fecha de adquisición Total de préstamos Signatura topográfica completa Código de barras Fecha visto por última vez Número de copia Precio válido a partir de Tipo de ítem Koha
    Clasificación de Library of Congress     TBS Barcelona TBS Barcelona 07/10/2025   HF5415 PAN B07707 25/02/2026 1 07/10/2025 Book

Powered by Koha